Participácia spoločenskej zodpovednosti firmy v podnikateľskom správaní

Predpoklady, ekonomické vzťahy a vplyv podnikateľskej činnosti na okolie a kvalitu života zamestnancov. Aplikácia spoločenskej zodpovednosti vo firme. Problémy a prínosy implementácie SZP.

Salvato in:
Dettagli Bibliografici
Autore principale: Serina, Pavol
Natura: Capitolo di libro
Lingua:slovacco
Soggetti:
Tags: Aggiungi Tag
Nessun Tag, puoi essere il primo ad aggiungerne!!

MARC

LEADER 00000naa$a2200000$$$4500
001 0144510
005 20240502072606.6
041 0 |a slo 
044 |a SK 
245 1 0 |a Participácia spoločenskej zodpovednosti firmy v podnikateľskom správaní  |c Pavol Serina 
520 |a Predpoklady, ekonomické vzťahy a vplyv podnikateľskej činnosti na okolie a kvalitu života zamestnancov. Aplikácia spoločenskej zodpovednosti vo firme. Problémy a prínosy implementácie SZP. 
610 2 0 |a podnik 
610 2 0 |a prostredie podnikateľské 
610 2 0 |a stratégia podnikateľská 
610 2 0 |a investori 
610 2 0 |a konkurencia 
610 2 0 |a správanie hospodárske 
610 2 0 |a správanie sociálne 
610 2 0 |a podnikanie zodpovedné 
610 2 0 |a zodpovednosť spoločenská 
100 1 |a Serina, Pavol